000 01056cab a2200289 4500
001 WB3109-22
008 090401t1995 xxu||||| |||| 00| 0 eng d
035 _a(Sirsi) u15488
041 _aeng
245 _aAccess right
260 _c1995
350 _a0
490 _aTimes
_v2 March 1995, 40(1)
520 _a"Robinson v Adair" QBD 16 February 1995. Held that rights based on long use could not be accepted if the use was prohibited by public statute. This case concerned use of a metalled road for access, presumed to have been a dedicated highway under Highways Act 1980 s31(1) as it had been used by vehicles for over 20 years.
650 _aACCESS
650 _aCREATION OF RIGHTS
650 _aDEDICATION OF HIGHWAY
650 _aEASEMENTS
650 _aHIGHWAYS ACT 1980 S137
650 _aHIGHWAYS
650 _aPRESCRIPTION
650 _aPROPERTY-INFRASTRUCTURE-TRANSPORT INFRASTRUCTURE-ROAD INFRASTRUCTURE
650 _aUNLAWFUL USE
690 _aHIGHWAYS AND RIGHTS OF WAY-CASE LAW
942 _n0
948 _c04/03/1997
999 _c10164
_d10164